LEADER 02321nam 2200469Ia 450 001 9910778734603321 005 20230421033634.0 010 $a1-61277-745-7 010 $a0-585-26225-X 035 $a(CKB)111004365681340 035 $a(EBL)3119782 035 $a(MiAaPQ)EBC3119782 035 $a(Au-PeEL)EBL3119782 035 $a(CaPaEBR)ebr10697682 035 $a(CaONFJC)MIL561597 035 $a(OCoLC)868265710 035 $a(EXLCZ)99111004365681340 100 $a19920915d1993 ub 0 101 0 $aeng 135 $aur|n|---||||| 200 10$aConnecticut Yankees at Gettysburg$b[electronic resource] /$fby Charles P. Hamblen ; edited by Walter L. Powell 210 $aKent, Ohio $cKent State University Press$dc1993 215 $a1 online resource (198 p.) 300 $aDescription based upon print version of record. 311 $a0-87338-478-4 320 $aIncludes bibliographical references (p. 144-147) and index. 327 $a""Cover""; ""Copyright ""; ""Contents ""; ""List of Maps""; ""Acknowledgment ""; ""Preface ""; ""1. Connecticut on the March: The Roads to Gettysburg ""; ""2. ""Always Brave and Energetic"": The 17th Connecticut at Barlow's Knoll ""; ""3. ""My Poor Regiment"": The 27th Connecticut and the Wheat Field Fight""; ""4. ""We Had a Hand-to-Hand Conflict"": The 17th Connecticut at East Cemetery Hill""; ""5. ""Only a Battle Would Give Us Possession"": The 5th and 20th Connecticut at Culp's Hill""; ""6. ""The Last Throw of the Dice"": The 14th Connecticut and the Fight for Cemetery Ridge"" 327 $a""7. ""They Felt the Shock of Battle"": The Aftermath""""Appendix: Connecticut Casualties at Gettysburg""; ""Notes""; ""Bibliography""; ""Index"" 606 $aGettysburg, Battle of, Gettysburg, Pa., 1863 607 $aConnecticut$xHistory$yCivil War, 1861-1865$xRegimental histories 607 $aUnited States$xHistory$yCivil War, 1861-1865$xRegimental histories 615 0$aGettysburg, Battle of, Gettysburg, Pa., 1863. 676 $a973.7/349 700 $aHamblen$b Charles P.$f1916-1986.$01490827 701 $aPowell$b Walter Louis$01490828 801 0$bMiAaPQ 801 1$bMiAaPQ 801 2$bMiAaPQ 906 $aBOOK 912 $a9910778734603321 996 $aConnecticut Yankees at Gettysburg$93712280 997 $aUNINA LEADER 04031nam 22006375 450 001 9910483264003321 005 20240923170432.0 010 $a9783030725853 010 $a3030725855 024 7 $a10.1007/978-3-030-72585-3 035 $a(CKB)4100000011954242 035 $a(MiAaPQ)EBC6640048 035 $a(Au-PeEL)EBL6640048 035 $a(OCoLC)1257084646 035 $a(PPN)259468339 035 $a(DE-He213)978-3-030-72585-3 035 $a(EXLCZ)994100000011954242 100 $a20210609d2021 u| 0 101 0 $aeng 135 $auraz#---auuuu 181 $ctxt$2rdacontent 182 $cc$2rdamedia 183 $acr$2rdacarrier 200 10$aBlue Governance in the Arctic and Antarctic $ePrivate Fisheries Certification and the Law of the Sea /$fby Geir Hønneland 205 $a1st ed. 2021. 210 1$aCham :$cSpringer International Publishing :$cImprint: Palgrave Macmillan,$d2021. 215 $a1 online resource $cillustrations 225 1 $aPalgrave Studies in Maritime Politics and Security,$x2730-7980 311 08$a9783030725846 311 08$a3030725847 320 $aIncludes bibliographical references. 327 $aIntroduction -- The precautionary approach, implementation and state practice -- The MSC Certification Scheme and the precautionary approach -- MSC certification of Arctic and Antarctic fisheries -- Influence on fisher behaviour and state practice -- Conclusion. 330 $aThis book discusses to what extent the precautionary approach to fisheries management is reflected in the MSC Fisheries Standard and in the certification of four clusters of fisheries in polar waters. Certification according to private sustainability standards (ecolabelling) has become an important addition to public fisheries management in recent years. The major global ecolabel in terms of comprehensiveness and coverage is the Marine Stewardship Council (MSC) Fisheries Standard. Becoming and remaining certified requires continuous behavioural adaptation from fisheries through a fine-meshed system of improvement conditions attached to certification. Focus is on how certification has influenced fisher behaviour and state practice. In the Southern Ocean krill and toothfish fisheries, MSC certification has generated new scientific knowledge about the stocks. In the Barents Sea cod and haddock fisheries, fishing companies have voluntarily adapted their behaviour to reduce the fishery's impacts on endangered, threatened and protected species and bottom habitats. In the local lumpfish fisheries in Greenland, Iceland and Norway, measures have been introduced to reduce the effects on seabirds and marine mammals. In the Northeast Atlantic mackerel fisheries, impacts have been more modest. Private certification is no panacea, but it seems to have found a niche as a supplement to national legislation and international agreements. Geir Hønneland is Adjunct Professor at the Fridtjof Nansen Institute and Nord University, Norway. He holds a Ph.D. in political science and an LL.M. in the law of the sea and has published a number of books on international ocean governance, Arctic politics and Russian identity. 410 0$aPalgrave Studies in Maritime Politics and Security,$x2730-7980 606 $aInternational relations 606 $aRegionalism 606 $aInternational economic relations 606 $aInternational Relations Theory 606 $aRegionalism 606 $aInternational Political Economy' 615 0$aInternational relations. 615 0$aRegionalism. 615 0$aInternational economic relations. 615 14$aInternational Relations Theory. 615 24$aRegionalism. 615 24$aInternational Political Economy'. 676 $a333.956 676 $a338.3727 700 $aHønneland$b Geir$0800771 801 0$bMiAaPQ 801 1$bMiAaPQ 801 2$bMiAaPQ 906 $aBOOK 912 $a9910483264003321 996 $aBlue governance in the Arctic and Antarctic$92208968 997 $aUNINA